Stations du tramway 1 de Nantes - Statistiques

Statistiques générales
  • Ce quiz a été pris 264 fois
  • Le résultat moyen est 21 sur 34
Statistiques - réponses
Terminus Correspondances Station % Correct
- Tramway 2, 3, Chronobus 2, 3, Bus 11, 26, 54, Navette Aéroport Commerce
97%
Terminus Chronobus 6, Bus 75 Beaujoire
93%
- Réseau SNCF Gare Nord-Jardin des Plantes
91%
Terminus Bus 50, 71, 93 François Mitterrand
89%
- - Bouffay
88%
- Busway 4 Duchesse Anne-Château
88%
- - Médiathèque
82%
Terminus Chronobus 6, Bus 23,80 Ranzay
77%
- Express 1, Bus 81, Navibus Loire Gare Maritime
75%
Terminus - Jamet
75%
- Réseau SNCF, Chronobus 1, Bus 23,77, 80, 85, 95 Haluchère-Batignolles
74%
- - Chantiers Navals
72%
- Bus 12,87 Mairie de Doulon
69%
- - Moutonnerie
67%
- Chronobus 3, Bus 10 Boulevard de Doulon
66%
- Chronobus 20, Bus 23, 40, 59, 81, 91 Mendès-France-Bellevue
64%
- Chronobus 7 Souillarderie
60%
- - Manufacture
59%
- - Hôpital Bellier
58%
- Bus 11 Pin Sec
58%
- - Schoelcher
52%
- Bus 95 Halvêque
51%
- Bus 87 Landreau
51%
- - Tourmaline
50%
- Bus 10, 11 Égalité
49%
- Chronobus 20, Bus 11 Tertre
49%
- Bus 11 Croix Bonneau
46%
- Bus 23, 59 Neruda
46%
- - Du Chaffault
43%
- Bus 11 Jean Moulin
38%
- - Romain Rolland
37%
- Chronobus 20 Romanet
37%
- - Lauriers
36%
- - Frachon
33%
Aucun quiz correspondant
Distribution des résultats
% des personnes avec chaque résultat
Percentile par nombre de réponses
Votre historique - résultats
Vous n’avez pas pris ce quiz